000 00405 a2200169 4500
001 192791
020 _a978-85-16-09086-9
040 _cMagnum
100 _aRocha, Ruth
240 1 0 _aDeclaração universal dos direitos humanos
_lpor
245 1 0 _aDeclaração universal dos direitos humanos
300 _a41
362 0 _a2014
440 1 _aSalamdra
697 _aLITERATURA INFANTO
942 _cBK
999 _c192791
_d192791